000 00784nam a2200229 a 4500
008
049 _aMAIN
090 _aHD8038
_bHWE
100 1 _aHwenga, Hilda.
245 0 _aFactors influencing knowledge sharing among librarians at the National University of Science and Technology/
_cHilda Hwenga.
260 _aBulawayo :
_bNUST,
_c2017.
300 _axvii, 106p. :
_bill. ;
_c30 cm.
500 _aDissertation (MSc)---NUST, 2017.
504 _aIncludes bibliographic references.
650 1 _aKnowledge sharing.
700 _aNUST.
_bDept. of Library and Information Science.
_tDissertation.
907 _a.b1039042x
_b15-03-18
_c15-03-18
003
005 20230123141108.0
040 _cNUST
942 _cBOOKS
_kHD8038
_mHWE
999 _c167603
_d167603